| 000 | 00709 a2200253 4500 | ||
|---|---|---|---|
| 001 | 17942 | ||
| 999 |
_c17942 _d10072 |
||
| 003 | TR-AnTOB | ||
| 005 | 20190408213009.0 | ||
| 008 | 041102s2003 tu tur | ||
| 020 | _a9757206776 | ||
| 035 | _a17942 | ||
| 041 | _atur | ||
| 050 |
_aGB121 _b.Ü53 2003 |
||
| 090 | _aGB121 .Ü53 2003 | ||
| 100 |
_aÜnaldı, Ülkü Eser _99824 |
||
| 245 | 0 |
_aErciyes dağı'nın fiziki coğrafyası / _cÜlkü Eser Ünaldı. |
|
| 250 | _a2. bs. | ||
| 264 | 1 |
_aİstanbul : _bÇantay Kitabevi, _c2003 |
|
| 300 |
_axvi, 155 p. : _bcol. ill. , tables , maps ; _c24 cm. |
||
| 500 |
_aBipliography: p. 121-128. _xIncludes index. |
||
| 650 |
_aFiziki coğrafya _zTürkiye _99825 |
||
| 902 | _a0005459 | ||
| 942 | _cBK | ||